2019-2020 Premier League Club Finish - Statistics

General Stats
  • This quiz has been taken 32 times
  • The average score is 16 of 20
Answer Stats
Place Answer % Correct
4th Chelsea
100%
1st Liverpool
100%
2nd Manchester City
100%
3rd Manchester United
100%
5th Leicester City
92%
6th Tottenham Hotspur
88%
7th Wolverhampton Wanderers
84%
18th AFC Bournemouth
76%
8th Arsenal
76%
20th Norwich City
76%
9th Sheffield United
76%
19th Watford
76%
10th Burnley
72%
16th West Ham
72%
13th Newcastle United
68%
11th Southampton
68%
17th Aston Villa
64%
14th Crystal Palace
64%
12th Everton
64%
15th Brighton
52%
No matching quizzes found
Score Distribution
Percent of People with Each Score
Percentile by Number Answered
Your Score History
You have not taken this quiz